20 χρόνια θεατρικό κοστούμι στο Αιγαίο

Αποθηκεύτηκε σε:
Λεπτομέρειες βιβλιογραφικής εγγραφής
Συγγραφή απο Οργανισμό/Αρχή: Ομοσπονδία Ερασιτεχνικού Θεάτρου Αιγαίου
Μορφή: Βιβλίο
Γλώσσα:Greek
Δημοσίευση: Αθήνα : Υπουργείο Εμπορικής Ναυτιλίας, Αιγαίου & Νησιωτικής Πολιτικής, 2008.
Θέματα:
Ετικέτες: Προσθήκη ετικέτας
Δεν υπάρχουν, Καταχωρήστε ετικέτα πρώτοι!

MARC

LEADER 00000cam a2200000 a 4500
001 1/111451
008 160729s2008####gr | ||| |||| ||gre||
040 |a GR-MyUa  |b gre  |c GR-MyUa  |e AACR2 
041 0 |a gre 
082 7 |a 792.026   |2 (23)  
110 2 |a Ομοσπονδία Ερασιτεχνικού Θεάτρου Αιγαίου. 
245 1 0 |a 20 χρόνια θεατρικό κοστούμι στο Αιγαίο /   |c Ομοσπονδία Ερασιτεχνικού Θεάτρου Αιγαίου.  
260 |a Αθήνα :   |b Υπουργείο Εμπορικής Ναυτιλίας, Αιγαίου & Νησιωτικής Πολιτικής,   |c 2008.  
300 |a 107 σ. :   |b έγχρ. εικ. ;   |c 30 εκ.  
650 0 |a Costume  |z Aegean Islands (Greece and Turkey) 
852 |a INST  |b LEMNOS  |e 20160729  |h 792.026 ΟΜΟ  |p 005600001820  |q 005600001820  |t BK  |y 0 
970 |a Μοσχόβη   |b Ευαγγελία  |z 29-07-2016